| 000 | 00530 a2200181 4500 | ||
|---|---|---|---|
| 001 | 069058 | ||
| 003 | OSt | ||
| 005 | 20220402114013.0 | ||
| 008 | |||
| 082 |
_a332.004150954 _bC17C |
||
| 100 | 1 | _aChakrabarti, Rajesh | |
| 245 | 1 |
_aCapital markets in India _cby Rajesh Chakrabarti and Sankar De |
|
| 260 |
_aNew Delhi _bSage Publications _c2010 |
||
| 300 | _a392p. | ||
| 653 | _aSecurities industry; India; Asset management accounts; Capital market | ||
| 700 | _aDe, Sankar | ||
| 942 |
_2ddc _cBK |
||
| 999 |
_c2668 _d2668 |
||